000
00319nam a2200121Ia 4500
008
190722s9999 xx 000 0 und d
020
_a
978-1-137-37501-8
100
_a
Damodar Gujarati
245
0
_a
Econometrics By Example
260
_a
London
_b
Palgrave Macmillan Publishers Limited.
_c
2015
300
_a
466
942
_c
BK
999
_c
380
_d
380